Quick Pick: Beatles Album Titles Quiz Stats

 Plays Quiz Updated Feb 25, 2016

Challenge
Share
Tweet
Embed
Score 0/11 Timer 01:00
7 Plays Today
% Correct
Submarine
96.9%
Be
96.8%
Night
96.2%
Road
96%
Tour
92.7%
Me
92.1%
Band
92%
Album
91.3%
Sale
91.1%
Soul
84.7%
Beatles
82.9%

Today's Daily Dose

You're not logged in!

Compare scores with friends on all Sporcle quizzes.
Join for Free
OR
Log In

You Might Also Like...

Show Comments

Extras

Top Quizzes Today


Score Distribution

Your Account Isn't Verified!

In order to create a playlist on Sporcle, you need to verify the email address you used during registration. Go to your Sporcle Settings to finish the process.

Report this User

Report this user for behavior that violates our Community Guidelines.

Details: